Calciatori e Anno di nascita - Quiz n°3 - Statistics

Statistiche generali
  • Questo quiz è stato fatto 19 volte
  • Il punteggio medio è 4 su 10
Statistiche sulle risposte
Hint Risposta % Corretto
Patrick Cutrone 1998
60%
Dominik Szoboszlai 2000
60%
Thomas Rincon 1988
47%
Thomas Müller 1989
40%
Borja Mayoral 1997
40%
Sam Lammers 1997
33%
Kevin Trapp 1990
27%
João Miranda 1984
20%
Christian Fuchs 1986
20%
Federico Di Francesco 1994
20%
Nessun quiz corrispondente trovato
Distribuzione punteggi
Percentuale di utenti per punteggio
Percentile per numero di risposta
I tuoi punteggi nel tempo
Non hai fatto questo quiz